| 000 | 00671nam a2200181 i 4500 | ||
|---|---|---|---|
| 001 | bg | ||
| 100 | 1 |
_aGórski, Eugeniusz _d(1924- ). |
|
| 245 | 0 |
_aPodstawy projektowania narzędzi skrawających wraz z zagadnieniami technologicznymi / _cEugeniusz Górski, Jan Harasymowicz. |
|
| 260 |
_aWarszawa : _bPaństw. Wydwn. Nauk., _c1976. |
||
| 300 |
_as. 608 : _brys., ilustr., tabl. [w tym] nlb. 1. |
||
| 700 | 1 |
_aHarasymowicz, Jan _d(1921- ). |
|
| 040 | _cBPK | ||
| 041 | _apol | ||
| 080 | _a621.9(075.8) | ||
| 942 | _cKS | ||
| 008 | s pl f |000 0 pol | ||
| 856 |
_uhttp://koha.tu.koszalin.pl/cgi-bin/koha/opac-detail.pl?biblionumber=6015 _yKatalog online BPK |
||
| 999 |
_c6015 _d6015 |
||